000 00904nam a22003017a 4500
003 CHAP
005 20220817042927.0
008 971013s1985 r 00010 d
010 _a60084
011 _a61056
035 _a65220
040 _cCHAP
082 _a338.9
_bL55
100 0 0 _aLichtensztejn, Samuel.
_966704
245 _aLecturas de política económica
260 _aMéxico, D. F. :
_bEdiciones de Cultura Popular,
_c1985
300 _a434 p.
590 _aBATCH-UPD
_b10
_c20130110
_lUCH01
_h0353
590 _aBATCH-UPD
_b10
_c20130410
_lUCH01
_h0027
590 _aBATCH-UPD
_b10
_c20130914
_lUCH01
_h1437
590 _aCONVERSION
_b10
_c20130109
_lUCH01
_h1332
650 1 4 _aPolítica económica.
700 0 _aFriedman, Milton.
_943297
700 0 _aTimbergen, J.
_9113325
901 _aBK
942 _cLIBRO
949 _a338.9 L55
_bBC
_cLIBRO
_d33724000614780
_eLIBRO
_h90480
_i65220
_si
999 _c60084
_d60084